000 00275nam a22001097a 4500
082 _a100
100 _aKarl potter
_980945
245 _aEncyclopedia of Indian Philosophies Vol lx
260 _aDelhi
_bMotilal pub
_c2008
650 _af Indian Philosophies
_980946
942 _cBK
999 _c64156
_d64156